Obálka Náhled e-knihy:
PDF Epub
Pro půjčování e-knih musíte být přihlášeni.
Jak si půjčit online?

Prázdnota. Sny /

Sci-fi román je úvodní knihou space opery o rozpínající se Prázdnotě, jež se stává hrozbou celému vesmíru.

Uloženo v:
Série:Sága Společenství, část 5
Hlavní autor: Hamilton, Peter F., 1960- (Autor)
Další autoři: Oščádal, Jan, 1949- (Autor), Oščádalová, Jana, 1959- (Překladatel)
Médium: E-kniha
Jazyk:Czech
Vydáno: Praha : Planeta9, 2021
Vydání:Vydání první
Témata:
Příbuzné jednotky:Z cyklu:: Sága Společenství
Tagy:
Žádné tagy
LEADER 02970nam a2200469 i 4500
001 311327
003 CZ PrSKC
005 20260601215703.0
007 ta
008 210506s2021 xr g 000 f cze
015 |a cnb003322987 
020 |a 9788088321408  |q (brožováno) :  |c Kč 499,00 
035 |a (OCoLC)1274109925 
040 |a ABG001  |b cze  |e rda 
041 1 |a cze  |h eng 
072 7 |a 821.111-3  |x Anglická próza, anglicky psaná  |2 Konspekt 
080 |a 821.111-31  |2 MRF 
080 |a (0:82-311.9)  |2 MRF 
100 1 |a Hamilton, Peter F.,  |d 1960-  |7 xx0012750  |4 aut 
240 1 0 |a Dreaming void.  |l Česky 
245 1 0 |a Prázdnota.  |p Sny /  |c Peter F. Hamilton ; přeložili Jana a Jan Oščádalovi 
246 3 0 |a Sny 
250 |a Vydání první 
264 1 |a Praha :  |b Planeta9,  |c 2021 
300 |a 631 stran ;  |c 20 cm 
336 |a text  |b txt  |2 rdacontent 
337 |a bez média  |b n  |2 rdamedia 
338 |a svazek  |b nc  |2 rdacarrier 
500 |a Přeloženo z angličtiny 
520 2 |a Sci-fi román je úvodní knihou space opery o rozpínající se Prázdnotě, jež se stává hrozbou celému vesmíru.  |b Píše se rok 3589, patnáct set let po ničivé válce lidského Společenství proti brutální mimozemské civilizaci Dokonalých. Společenství válku o přežití vybojovalo, nyní se však objevilo ještě větší nebezpečí. Hrozba existenci celého vesmíru leží v srdci galaxie. Je to Prázdnota sama. Existuje milióny let, neustále se rozpíná všemi směry a požírá vše, co mu stoji v cestě - planety, hvězdy, galaxie. Původ Prázdnoty je neznámý, stejně jako její tvůrce a účel. Ani Raielové, nejstarší a technologicky nejvyspělejší rasa v galaxii, nedokázali odhalit tajemství Prázdnoty. Jediným spojením s Prázdnotou jsou Sny. Sny, kolem kterých povstal náboženský kult, který chce do jejího nitra vypravit Pouť. Nikdo neví, zda Pouť přinese záchranu nebo zkázu. Může však expanzi katastrofálně zrychlit a proto vyprovokuje i reakci mimozemských sousedů. Společenství směřuje k další krizi. Nakladatelská anotace. 
655 7 |a anglické romány  |7 fd131814  |2 czenas 
655 7 |a vědecko-fantastické romány  |7 fd133847  |2 czenas 
655 9 |a English fiction  |2 eczenas 
655 9 |a science fiction novels  |2 eczenas 
700 1 |a Oščádal, Jan,  |d 1949-  |7 ola200207959  |4 trl 
700 1 |a Oščádalová, Jana,  |d 1959-  |7 mzk2005274964  |4 trl 
787 0 8 |i Z cyklu:  |t Sága Společenství  |g 5 
900 |a ABA001  |b 20 
044 |a xr 
910 |a RBIT002 
998 |d 317750  |a https://core.palmknihy.cz/api/books/317750/cover?qsj9dw  |b https://core.palmknihy.cz/api/books/317750/cover/400?qsj9dw  |c https://core.palmknihy.cz/api/books/317750/cover/50?qsj9dw  |e   |g 640  |i 9788088321408  |j https://core.palmknihy.cz/api/books/317750/preview.epub  |k https://core.palmknihy.cz/api/books/317750/preview.pdf  |l   |q 49  |r 1  |s https://www.palmknihy.cz/kniha/317750  |t ebook  |y 2021  |z 0  |v Prázdnota  |w 1 
999 |d 311325